000 01202nam a2200253Ia 4500
999 _c50469
_d50469
001 17417
003 GE_BSU
005 20200213111759.0
008 181216s2013 xx |||||||||||||| || ||
020 _a9789941934346
040 _cGE_BSU
041 _ageo
080 _a343(4) ჯ-56
100 _aჯიშკარიანი, ბაჩანა.
_94792
245 _aევროპული სისხლის სამართალი = EUROPAILSHES STRAFRECHT : ევროკავშირის ფარგლებში /
_cბაჩანა ჯიშკარიანი ; რედ. გიორგი დგებუაძე.
264 _aთბილისი :
_bიურისტების სამყარო,
_c2013.
300 _a257 გვ;
_c22 სმ.
300 _bპარალ.თავფ.გერმ.ენაზე.
504 _aიბლიოგრ.ტექსტ.შენიშვნ.გვ:235-256
546 _aპარალ.თავფ.გერმ.ენაზე
653 _aსამართალი
700 _a დგებუაძე, გიორგი
_eრედაქტორი
_97018
942 _cBK
_2udc